000 00321cam a22000977a 4500
008 180718b2010 xxu||||| |||| 00| 0 eng d
082 _aT12103x54 C738H
245 _aBhartiya pratispradha kanoon: Ek Sanshipt parichay
_cBy. Bhartiya Pratispradha Ayog
260 _aNew Delhi
_bBhartiya Pratispradha Ayog
_c2010
300 _a34p.
999 _c503196
_d503196